España en el pensamiento político de Hasán II. (Record no. 60087)

MARC details
000 -LEADER
campo de control de longitud fija 00572nam a2200181 i 4500
001 - NÚMERO DE CONTROL
campo de control 60087
003 - IDENTIFICADOR DE NÚMERO DE CONTROL
campo de control ES-MaACL
005 - FECHA Y HORA DE LA ÚLTIMA TRANSACCIÓN
campo de control 20230906164143.0
007 - CAMPO FIJO DE DESCRIPCIÓN FÍSICA--INFORMACIÓN GENERAL
campo de control de longitud fija t|
008 - DATOS DE LONGITUD FIJA--INFORMACIÓN GENERAL
campo de control de longitud fija 031103s1979 sp ||||1| spa d
245 00 - MENCIÓN DEL TÍTULO
Título España en el pensamiento político de Hasán II.
260 ## - PUBLICACIÓN, DISTRIBUCIÓN, ETC.
Lugar de publicación, distribución, etc. [Madrid] :
Nombre del editor, distribuidor, etc. Embajada de Marruecos,
Fecha de publicación, distribución, etc. [1979]
300 ## - DESCRIPCIÓN FÍSICA
Extensión 64 p., lám. ;
Dimensiones 31 cm.
651 #0 - PUNTO DE ACCESO ADICIONAL DE MATERIA--NOMBRE GEOGRÁFICO
Nombre geográfico Marruecos-
Subdivisión general Relaciones-
Subdivisión geográfica España.
9 (RLIN) 9034
700 0# - ENTRADA AGREGADA--NOMBRE PERSONAL
Nombre de persona Hasán
Numeración II,
Títulos y otros términos asociados al nombre Rey de Marruecos (
Fechas asociadas al nombre 1929-1999)
9 (RLIN) 172011
710 1# - ENTRADA AGREGADA--NOMBRE DE ENTIDAD CORPORATIVA
Nombre de entidad corporativa o nombre de jurisdicción como elemento de entrada Marruecos.
Unidad subordinada Embajada (España)
9 (RLIN) 5650
852 ## - LOCALIZACIÓN
Ubicación ES-MaACL
Número de control de estantería A-10081
Holdings
Estatus retirado Estado de pérdida Estado de daño No para préstamo Biblioteca de origen Biblioteca actual Ubicación en estantería Fecha de adquisición Fuente de adquisición Total de préstamos Signatura topográfica completa Código de barras Visto por última vez Precio de reemplazo Tipo de ítem Koha
        Biblioteca del Ateneo de Madrid Biblioteca del Ateneo de Madrid Depósito 1 17/01/2008     A-10081 1063018 23/02/2023 23/02/2023 Libro impreso